| 000 | 01026nam a2200325 a 4500 | ||
|---|---|---|---|
| 001 | 58048 | ||
| 003 | CO-BoRNBP | ||
| 005 | 20250814214456.0 | ||
| 007 | ta | ||
| 008 | 150107s2014 sp a gr 000 0 spa d | ||
| 020 | _a9788492608782 | ||
| 040 |
_aCO-BoBLA _bspa _cCO-BoBLA |
||
| 041 | 1 |
_aspa _heng |
|
| 082 | 0 | 4 |
_aI372.7 _bL46n _221 |
| 100 | 1 |
_aLionni, Leo, _d1910-1999. _962322 |
|
| 240 | 1 | 0 | _aValle del Cauca-Bibliografía regional |
| 245 | 1 | 0 |
_aNúmeros / _cLeo Lionni, Antonio Rubio. |
| 250 | _a1a. edición | ||
| 264 | 4 |
_aSevilla : _bKalandraka Ediciones Andalucía, _c2014. |
|
| 300 |
_a[12] páginas : _bilustraciones ; _c16 cm. |
||
| 336 |
_atexto _btxt [ _2rdacontent] |
||
| 337 |
_asin mediación _bn [ _2rdamedia] |
||
| 338 |
_avolumen _bnc [ _2rdacarrier] |
||
| 534 | _tNumbers. | ||
| 650 | 7 |
_aLibros ilustrados para niños. _2BLAAUTO _92001 |
|
| 650 | 7 |
_aNúmeros _xEnseñanza preescolar. _2BLAAUTO _962323 |
|
| 700 | 1 |
_aRubio Herrero, Antonio, _d1953- |
|
| 942 |
_2ddc _cBK |
||
| 949 |
_an _bn |
||
| 999 |
_c58048 _d58048 |
||